10 Most Populous Cities in Texas - Statistics

General Stats
  • This quiz has been taken 45 times
  • The average score is 8 of 10
Answer Stats
Population City % Correct
2,319,119 Houston
100%
1,302,753 Dallas
98%
984,567 Austin
95%
1,513,974 San Antonio
93%
678,859 El Paso
85%
996,756 Fort Worth
85%
316,105 Corpus Christi
76%
269,833 Lubbock
59%
399,825 Arlington
56%
291,450 Plano
49%
No matching quizzes found
Score Distribution
Percent of People with Each Score
Percentile by Number Answered
Your Score History
You have not taken this quiz